| 000 | 00653nam a2200217 4500 | ||
|---|---|---|---|
| 003 | OSt | ||
| 005 | 20240629020912.0 | ||
| 006 | a | ||
| 008 | 240629b |||||||| |||| 00| 0 eng d | ||
| 020 | _a9780840033772 | ||
| 040 |
_aDWCL-Main lib. _cOC |
||
| 082 | _aCirc. 170 M113e 2011 | ||
| 100 | _aMacKinnon, Barbara | ||
| 245 | _aEthics : theory and contemporary issues / | ||
| 260 |
_aBoston : _bWadsworth, Cengage Learning, _cc2011. |
||
| 300 |
_axviii, _b297p. : ill. ; _c23 cm. |
||
| 504 | _aIncludes bibliographical references & index. | ||
| 650 | _a1. Ethics. | ||
| 650 | _a2. Ethics, Modern-20th century. | ||
| 942 |
_2ddc _n0 _cBK-CIRC _kCirc. |
||
| 999 |
_c1634 _d1634 |
||